000 00841nam a2200241 i 4500
001 170779
003 ES-MaACL
005 20250808062742.0
008 090406s1953 sp |||| | spa d
100 0 _aAgustín
_cSanto, Obispo de Hipona.
_9125563
245 1 0 _aObras de San Agustín.
_nT. XI /
_cedición preparada por Lope Cilleruelo.
250 _aEd. bilingüe.
260 _aMadrid :
_bLa Editorial Católica,
_c1953.
300 _aVII, 1100 p. ;
_c20 cm.
490 1 _aBiblioteca de autores cristianos ;
_v99
505 8 _aContiene: Cartas (2º) (Complemento del tomo VIII)
546 _aTexto en latín y traducción en castellano.
700 0 _aCilleruelo, Lope.
_938829
830 0 0 _aBiblioteca de autores cristianos
_v99
_9178679
852 _aES-MaACL
_jJ-97
_9R.46092
999 _c170779
_d170779